Vista normal
Vista MARC
Entrada Personal Name
Número de registros utilizados en: 1
001 - CONTROL NUMBER
- control field: 17344
003 - CONTROL NUMBER IDENTIFIER
- control field: DLC
005 - DATE AND TIME OF LATEST TRANSACTION
- control field: 20250718084814.0
008 - FIXED-LENGTH DATA ELEMENTS
- fixed length control field: 811124n| acannaab| |n aaa |||
010 ## - LIBRARY OF CONGRESS CONTROL NUMBER
- LC control number: n 81135847
040 ## - CATALOGING SOURCE
- Original cataloging agency: DLC
- Transcribing agency: Mx-PuUPA
- Language of cataloging: spa
- Modifying agency: Mx-PuUPA
- Description conventions: rda
046 ## - SPECIAL CODED DATES
- Birth date: 1940
100 10 - HEADING--PERSONAL NAME
- Personal name: Dossey, Larry,
- Dates associated with a name: 1940-
374 ## - OCCUPATION
- Occupation: Autor
375 ## - GENDER
- Gender: hombre
377 ## - ASSOCIATED LANGUAGE
- Language code: eng
670 ## - SOURCE DATA FOUND
- Source citation: His A new model of health, 1982:
- Information found: CIP t.p. (Larry Dossey, M.D.) CIP data sheet (b. 9/27/40)